00286nam a2200109Ia 4500008004100000100002100041245003400062250000800096260004600104300000800150650001800158191201s2004 xx 000 0 und d aPAREL, Anthony J 0aHind Swaraj and Other Writing a1st aN.DelhibCambridge University Pressc2004 a208 aGeneral Books